| 000 | 02023cam a2200313 a 4500 | ||
|---|---|---|---|
| 999 |
_c11526 _d11526 |
||
| 001 | 15235238 | ||
| 003 | EG-ScBUE | ||
| 005 | 20200112095908.0 | ||
| 008 | 080327s2008 enka f bd 001 0 eng d | ||
| 020 | _a9780521686969 | ||
| 040 |
_aDLC _beng _erda _cDLC _dBAKER _dBTCTA _dUKM _dBWKUK _dBWK _dYDXCP _dCDX _dBWX _dDLC _dEG-ScBUE |
||
| 082 | 0 | 4 |
_a808 _bSEM _222 |
| 100 | 1 |
_aSemino, Elena, _d1964- _eauthor. _94719 |
|
| 245 | 1 | 0 |
_aMetaphor in discourse / _cElena Semino, Lancaster University. |
| 264 | 1 |
_aCambridge, UK ; _aNew York : _bCambridge University Press, _c2008. |
|
| 300 |
_axii, 247 pages : _billustrations ; _c24 cm |
||
| 336 |
_2rdacontent _atext _btxt |
||
| 337 |
_2rdamedia _aunmediated _bn |
||
| 338 |
_2rdacarrier _avolume _bnc |
||
| 500 | _aIncludes glossary. | ||
| 504 | _aIncludes bibliographical references and index. | ||
| 520 | _a"'Metaphor' is the phenomenon whereby we talk and, potentially, think about something in terms of something else. In this book Elena Semino discusses metaphor as a common linguistic occurrence, which is varied in its textual appearance, versatile in the functions it may perform, and central to many different types of communication, from informal interaction to political speeches. She discusses the use of metaphor across a variety of texts and genres from literature, politics, science, education, advertising and the discourse of mental illness. Each chapter includes detailed case studies focusing on specific texts, from election leaflets to specialist scientific articles. Also included is a detailed consideration of corpus (computer-based) methods of analysis. Wide-ranging and informative, this book will be invaluable to those interested in metaphor from a range of disciplines." | ||
| 590 | _ashefaa ibrahem | ||
| 650 | 7 |
_aMetaphor. _2BUEsh _94720 |
|
| 653 |
_bHHUUEENN _cJuly2019 |
||
| 655 | _vReading book | ||
| 942 |
_2ddc _cBB |
||